000 00770nam a2200253Ia 4500
003 OSt
005 20220923214800.0
006 a|||||r|||| 00| 0
007 ta
008 220922b |||||||| |||| 00| 0 hin d
024 _a172,702
037 _cTextual
040 _aARTS
_cARTS
_bhin
041 _2hin
_ahin
082 _aO152,3NNA,BB, K0
100 _aनागार्जुन
245 0 _aबाबा बटेसरनाथ
246 _aBābā baṭesaranātha
260 _aदिल्ली
_b राजकमल प्र0
_c1960
300 _a153पृ.
_ccm.
650 _aहिन्दी साहित्य
_9156264
942 _hO152,3NNA,BB, K0
_cTEXL
_2CC
999 _c326710
_d326710